| 000 | 00585nam a2200217 a 4500 | ||
|---|---|---|---|
| 999 |
_c6075 _d6075 |
||
| 001 | 6075 | ||
| 003 | BD-JhCC | ||
| 005 | 20180122171825.0 | ||
| 008 | 180101s1947 ii |||| |||| 000 0 eng d | ||
| 035 | _a(BD-JhCC) | ||
| 040 |
_aBD-JhCC _dBD-JhCC |
||
| 041 | _aeng | ||
| 082 |
_a631.12 _bDAS 1947 |
||
| 100 | _aDas, B. C. | ||
| 245 |
_aStatics : _bFormerly known as Intermediate Statics / _cB. C. Das and B N Mukherjee |
||
| 260 |
_aIndian : _bU. N. Dhur & Sons Private Ltd; _c1947 |
||
| 300 |
_a314 p,; _c18 cm |
||
| 650 | _aStatistics | ||
| 700 | _aMukherjee, B N | ||
| 942 |
_2ddc _cBK |
||